15 Largest Cities in Mexico🇲🇽 - Statistics

General Stats
  • This quiz has been taken 42 times
  • The average score is 7 of 15
Answer Stats
Population City % Correct
12.2 mil Mexico City
100%
1.4 mil Guadalajara
94%
1.1 mil Monterrey
91%
1.3 mil Tijuana
82%
1.4 mil Puebla
70%
1.3 mil Juarez
64%
1.2 mil Leon de los Aldama
61%
777k Merida
52%
809k Chihuahua
45%
1.6 mil Ecatepec de Morelos
27%
1.1 mil Zapopan
21%
1.1 mil Ciudad Nezahualcoyotl
3%
1.1 mil Gustavo Adolfo Madero
0%
1.8 mil Iztapalapa
0%
792k Naucalpan de Juarez
0%
No matching quizzes found
Score Distribution
Percent of People with Each Score
Percentile by Number Answered
Your Score History
You have not taken this quiz